[Event "46th Capablanca Memorial Open A"]
[Site "Havana CUB"]
[Date "2010.05.18"]
[Round "7.10"]
[White "Perez Rodriguez,L"]
[Black "Garrido Dominguez,J"]
[Result "1/2-1/2"]
[WhiteElo "2466"]
[BlackElo "2417"]

1.e4 d6 2.d4 Nf6 3.Nc3 e5 4.Nf3 Nbd7 5.g4 Nxg4 6.Rg1 Ngf6 7.Bc4 h6 8.Be3 c6
9.dxe5 dxe5 10.Qd3 b5 11.Bb3 a5 12.a4  1/2-1/2

[Event "TCh-UKR Clubs"]
[Site "Alushta UKR"]
[Date "2010.05.19"]
[Round "10"]
[White "Sharapov,E"]
[Black "Nesteretz,A"]
[Result "1-0"]
[WhiteElo "2498"]
[BlackElo "2408"]

1.e4 d6 2.d4 Nf6 3.Nc3 Nbd7 4.f4 e5 5.Nf3 exd4 6.Qxd4 c6 7.Bd2 d5 8.exd5 Bc5
9.Qd3 O-O 10.O-O-O cxd5 11.Nxd5 Nxd5 12.Qxd5 Qc7 13.Bc3 Qxf4+ 14.Kb1 Be3
15.g3 Qh6 16.Bc4 Qc6 17.Qxc6 bxc6 18.Rhe1 Nb6 19.Bb3 Bc5 20.Ne5 Bb7 21.a4 Nd5
22.Nd7 Bf2 23.Rf1 Rfd8 24.Bxd5 Rxd7 25.Bc4 Rxd1+ 26.Rxd1 Rf8 27.Rd7 Bc8 28.Rc7 Bb6
29.Bxf7+ Kh8 30.Re7 Bc5 31.Re8 Rxe8 32.Bxe8 Bg1 33.h4 c5 34.Bc6 Bf2 35.Be5 Kg8
36.Bd5+ Kf8 37.Kc1 Ke7 38.Kd2 Bg4 39.a5 g6 40.Bb8 Bc8 41.Bxa7 Ba6 42.b4 Kd6
43.c4  1-0

[Event "46th Capablanca Memorial Open A"]
[Site "Havana CUB"]
[Date "2010.05.19"]
[Round "8.8"]
[White "Gonzalez Vidal,Y"]
[Black "Garrido Dominguez,J"]
[Result "1-0"]
[WhiteElo "2504"]
[BlackElo "2417"]

1.e4 d6 2.d4 Nf6 3.Nc3 e5 4.Nf3 Nbd7 5.Bc4 Be7 6.O-O O-O 7.Re1 c6 8.a4 b6
9.Ba2 a6 10.h3 Rb8 11.Be3 b5 12.axb5 axb5 13.b4 Qc7 14.Bb3 Nb6 15.Qd3 Bd7
16.dxe5 dxe5 17.Bc5 Bxc5 18.bxc5 Nc8 19.Na2 Ra8 20.Qc3 Re8 21.Nb4 Rxa1 22.Qxa1 h6
23.Nd3 Be6 24.Bxe6 Rxe6 25.Nfxe5 Nd7 26.Nf3 Ne7 27.Qa8+ Kh7 28.Qe8 Nf6 29.Qxf7 Rxe4
30.Rxe4 Nxe4 31.Nf4 Nxc5 32.Nh5  1-0

[Event "4th All China Games Rapid"]
[Site "Hefei CHN"]
[Date "2010.05.20"]
[Round "10"]
[White "Wang Pin"]
[Black "Zhang Jilin"]
[Result "1/2-1/2"]
[WhiteElo "2407"]
[BlackElo "2280"]

1.e4 d6 2.d4 Nf6 3.Nc3 c6 4.f4 g6 5.Nf3 Bg7 6.Bd3 O-O 7.O-O Na6 8.Kh1 c5
9.d5 e6 10.dxe6 fxe6 11.e5 dxe5 12.Nxe5 Nb4 13.Qe2 Nxd3 14.Nxd3 b6 15.Bd2 Re8
16.Ne5 Bb7 17.Rad1 Qe7 18.Be1 Nd5 19.Bg3 Nxc3 20.bxc3 Rad8 21.Rd3 Rxd3 22.Qxd3  1/2-1/2

[Event "4th All China Games Rapid"]
[Site "Hefei CHN"]
[Date "2010.05.20"]
[Round "11"]
[White "Zhang Jilin"]
[Black "Hong Jiarong"]
[Result "1/2-1/2"]
[WhiteElo "2280"]
[BlackElo "2372"]

1.e4 d6 2.d4 Nf6 3.Nc3 Nbd7 4.Nf3 e5 5.Bc4 h6 6.h3 c6 7.dxe5 dxe5 8.O-O Bc5
9.Qe2 O-O 10.Be3 b5 11.Bb3 Qc7 12.Bxc5 Nxc5 13.Qe3 Ne6 14.a3 Re8 15.Rad1  1/2-1/2

[Event "2nd SCS Open"]
[Site "Bhubaneswar IND"]
[Date "2010.05.22"]
[Round "1"]
[White "Luther,T"]
[Black "Mohapatra,G"]
[Result "1-0"]
[WhiteElo "2541"]
[BlackElo "2006"]

1.e4 d6 2.d4 Nf6 3.Nc3 Nbd7 4.g4 e5 5.g5 Ng8 6.Bc4 c6 7.a4 b6 8.f4 exd4 9.Qxd4 Nc5
10.Nf3 Ne7 11.b4 Na6 12.Ba3 Ng6 13.f5 Ne5 14.Nxe5 dxe5 15.Bxf7+ Ke7 16.f6+  1-0

[Event "2nd SCS Open"]
[Site "Bhubaneswar IND"]
[Date "2010.05.22"]
[Round "2"]
[White "Kokarev,Dm"]
[Black "Koshy,V"]
[Result "1-0"]
[WhiteElo "2612"]
[BlackElo "2310"]

1.e4 d6 2.d4 Nf6 3.Nc3 e5 4.Nf3 Nbd7 5.Bc4 Be7 6.O-O O-O 7.a4 c6 8.Ba2 b6
9.Qe2 a5 10.Rd1 Ba6 11.Bc4 Bxc4 12.Qxc4 Qc8 13.Bg5 h6 14.Bxf6 Bxf6 15.d5 c5
16.Qe2 Be7 17.Nd2 g6 18.Nc4 Kh7 19.Ra3 Qd8 20.Rb3 Kg7 21.g3 f5 22.exf5 gxf5
23.Qh5 Rf6 24.Kh1 Kh7 25.f4 Qc7 26.Rf1 Raf8 27.Nd1 Qb7 28.Nde3 Qa6 29.Rb5 Bd8
30.fxe5 Nxe5 31.Nxe5 dxe5 32.Rxf5 Rxf5 33.Nxf5 Bg5 34.Qf3 Qc8 35.g4 Qd8 36.Qe4  1-0

[Event "2nd SCS Open"]
[Site "Bhubaneswar IND"]
[Date "2010.05.22"]
[Round "2"]
[White "Prasanna,Ra"]
[Black "Bocharov,D"]
[Result "0-1"]
[WhiteElo "2309"]
[BlackElo "2592"]

1.e4 d6 2.d4 Nf6 3.Nc3 c6 4.Be3 e5 5.dxe5 Ng4 6.exd6 Nxe3 7.fxe3 Qxd6 8.Nf3 Qh6
9.Qd2 Bc5 10.Nd4 g6 11.O-O-O Nd7 12.Qf2 O-O 13.Qf4 Qg7 14.Nf3 Be7 15.e5 g5
16.Qg3 g4 17.e6 fxe6 18.Nd4 Nb6 19.Bd3 e5 20.Nb3 h5 21.Ne4 a5 22.Rhf1 Rxf1
23.Rxf1 a4 24.Nbd2 Be6 25.a3 h4 26.Qe1 Rf8 27.Rxf8+ Kxf8 28.Qe2 Qg8 29.c4 Ke8
30.h3 gxh3 31.gxh3 Kd8 32.Qh2 Nd7 33.Kc2 Qg7 34.Bf1 Kc8 35.Qe2 Kc7 36.Kc1 Qg1
37.Nf3 Qg6 38.Nfd2 Nc5 39.Qf3 Bf5 40.Nxc5 Bxc5 41.Kd1 Bc2+ 42.Kc1 Bf5 43.Kd1 Kb6
44.b4 axb3 45.e4 Be6 46.Qxb3+ Kc7 47.Qc3 Qf6 48.Nf3 Kc8 49.Bg2 Bd4 50.Qa5 Bxc4
51.Nxd4 exd4 52.Qa8+ Kc7 53.Qa5+ Kb8 54.e5 Qg5 55.Qb4 Qxg2 56.Qxc4 Qg1+ 57.Kc2 Qh2+
58.Kb1 Qxe5 59.Qg8+ Ka7 60.Qg4 Qb5+ 61.Ka1 Qf1+ 62.Kb2 Qf2+ 63.Kc1 Qe3+ 64.Kb2 Qc3+
65.Ka2 Qc2+ 66.Ka1 d3 67.Qb4 Ka6 68.Qf8 Qc3+ 69.Ka2 d2 70.Qa8+ Kb6 71.Qd8+  0-1

[Event "2nd SCS Open"]
[Site "Bhubaneswar IND"]
[Date "2010.05.23"]
[Round "3"]
[White "Situru,N"]
[Black "Varga,Zo"]
[Result "1-0"]
[WhiteElo "2348"]
[BlackElo "2479"]

1.e4 d6 2.d4 Nf6 3.Nc3 Nbd7 4.Be3 c6 5.a4 e5 6.Nf3 Be7 7.h3 O-O 8.Be2 Re8
9.dxe5 dxe5 10.O-O Bb4 11.Na2 Bf8 12.Nd2 Bc5 13.Bg5 h6 14.Bh4 Qe7 15.c3 a5
16.Nc1 Nf8 17.Nd3 Bd6 18.Re1 Rd8 19.Bf1 Be6 20.Qc2 Ng6 21.Bg3 Bc7 22.Nf3 Nh5
23.Bh2 Qf6 24.Nd4 Bc8 25.Rad1 Bb6 26.Nf5 Be6 27.c4 Rd7 28.Qb3 Ba7 29.Qc3 Bxf5
30.exf5 Qxf5 31.g4 Qf6 32.gxh5 Nh4 33.c5 Nf3+ 34.Kg2 Nxe1+ 35.Rxe1 Rad8 36.Re3 Bb8
37.Bg3 e4 38.Ne5 Re7 39.Rxe4 Rd5 40.f4 Bxe5 41.fxe5 Qg5 42.Be2 Qd2 43.Qxd2 Rxd2
44.Kf3 Rxb2 45.Rd4 Kf8 46.Bd3 Rb4 47.Bc4 Rxa4 48.Ke4 Rb4 49.e6 Rxe6+ 50.Bxe6 Rxd4+
51.Kxd4 fxe6 52.Kc4 g6 53.hxg6 Kg7 54.Be1 Kxg6 55.Bxa5 Kf5 56.Kd4 e5+ 57.Ke3 h5
58.Bd8 e4 59.Bc7 Kg5 60.Bg3 Kf5 61.Kd4  1-0

[Event "2nd SCS Open"]
[Site "Bhubaneswar IND"]
[Date "2010.05.23"]
[Round "3"]
[White "Sangma,R"]
[Black "Hossain,Enam"]
[Result "1-0"]
[WhiteElo "2358"]
[BlackElo "2499"]

1.e4 d6 2.d4 Nf6 3.Nc3 Nbd7 4.Nf3 e5 5.Bc4 Be7 6.O-O O-O 7.h3 c6 8.a4 b6
9.Be3 a6 10.Ng5 Bb7 11.f4 h6 12.Nxf7 Rxf7 13.Bxf7+ Kxf7 14.fxe5 dxe5 15.dxe5 Nxe5
16.Qh5+ Ng6 17.e5 c5 18.Rad1 Qe8 19.exf6 Bxf6 20.Nd5 Rd8 21.Bc1 Qe4 22.Nf4 Rxd1
23.Rxd1 Bd4+ 24.Kh1 Qxc2 25.Re1 Be4 26.Qg4 Bf5 27.Qf3 Nxf4 28.Bxf4 Kg8 29.Be5 Kh7
30.Qf4 Bxe5 31.Qxe5 Bg6 32.Qc3 Qxa4 33.Re7 Qd1+ 34.Kh2 Qd6+ 35.Qe5 Qxe5+
36.Rxe5 c4 37.Re6 b5 38.Rxa6 b4 39.Ra4 c3 40.Rxb4 cxb2 41.Rxb2 Be4 42.Kg3 Kg6
43.Kf4 Bd3 44.Rb6+ Kf7 45.h4 Bc2 46.Ke5 Bd3 47.Rb2 Ke7 48.Rf2 Bg6 49.Ra2 Bd3
50.Ra3 Bc2 51.Rf3 Bb1 52.Rb3 Bh7 53.Rb7+ Kf8 54.Ke6 Bg8+ 55.Kd7 Bh7 56.Kd8 Be4
57.Rb2 Kf7 58.g3 Kf6 59.Ke8 Kf5 60.Rf2+ Ke6 61.Kf8 g6 62.Kg7 h5 63.Re2 Kf5
64.Rxe4  1-0

[Event "2nd SCS Open"]
[Site "Bhubaneswar IND"]
[Date "2010.05.24"]
[Round "4"]
[White "Simonian,H"]
[Black "Girinath,P"]
[Result "1/2-1/2"]
[WhiteElo "2521"]
[BlackElo "2389"]

1.e4 d6 2.d4 Nf6 3.Nc3 e5 4.Nf3 Nbd7 5.Bc4 Be7 6.O-O O-O 7.a4 c6 8.Qe2 exd4
9.Nxd4 Nc5 10.Rd1 Re8 11.Nb3 d5 12.Bd3 Nxd3 13.Rxd3 Bb4 14.e5 Ng4 15.f4 Bf5
16.Rf3 d4 17.Nd1 Qd5 18.c4 d3 19.Qf1 Qxc4 20.Nd2 Qc2 21.h3 Bxd2 22.Bxd2  1/2-1/2

[Event "2nd SCS Open"]
[Site "Bhubaneswar IND"]
[Date "2010.05.24"]
[Round "5"]
[White "Venkatesh,M"]
[Black "Koshy,V"]
[Result "0-1"]
[WhiteElo "2452"]
[BlackElo "2310"]

1.e4 d6 2.d4 Nf6 3.Nc3 e5 4.Nf3 Nbd7 5.Bc4 Be7 6.O-O O-O 7.Re1 a6 8.a4 b6
9.b3 Bb7 10.Bb2 c6 11.Bd3 g6 12.Ne2 exd4 13.Ng3 c5 14.c3 dxc3 15.Bxc3 Qc7
16.Qd2 Ne5 17.Nxe5 dxe5 18.Bc4 Rfe8 19.Qb2 Bf8 20.Re3 Bg7 21.Rf1 Re7 22.f4 exf4
23.Ref3 b5 24.Bxf6 Bxf6 25.Qxf6 bxc4 26.Rxf4 Qe5 27.Qxe5 Rxe5 28.bxc4 Re7
29.Rb1 Rd8 30.Rg4 Kf8 31.Rg5 Rd2 32.Rxc5 f5 33.Re1 Ra2 34.a5 fxe4 35.Nf1 Kf7
36.Ne3 Ke6 37.h4 Kd6 38.Rg5 Re5 39.Rd1+ Ke6 40.Rb1 Rxg5 41.hxg5 Bc8 42.c5 Rxa5
43.Rb6+ Kd7 44.Rd6+ Ke8 45.Rd5 Be6 46.Re5 Kf7 47.Kf2 Rb5 48.Ke1 a5 49.Nc2 Bd7
50.Nd4 Rb4 51.Rd5 Bg4 52.Kd2 a4 53.Kc3 Rb1 54.c6 e3 55.Kd3 e2 56.Nc2 Rd1+
57.Ke4 Bf5+  0-1

[Event "CICC"]
[Site "Calgary CAN"]
[Date "2010.05.24"]
[Round "8"]
[White "Castellanos Rodriguez,R"]
[Black "Porper,E"]
[Result "1/2-1/2"]
[WhiteElo "2465"]
[BlackElo "2431"]

1.e4 d6 2.d4 Nf6 3.Nc3 e5 4.Nf3 Nbd7 5.Bc4 Be7 6.O-O O-O 7.a4 a6 8.a5 c6
9.Re1 h6 10.Be3 Ng4 11.Bc1 Ngf6 12.h3 Re8 13.Be3 Bf8 14.Ba2 Qc7 15.Nh4 d5
16.exd5 e4 17.dxc6 bxc6 18.Qe2 Bd6 19.Ng6 Rb8 20.Qc4 Re6 21.d5 Nxd5 22.Nxd5 cxd5
23.Qxc7 Bxc7 24.Nf4 Bxa5 25.Nxe6 Bxe1 26.Nd8 Rxb2 27.Bxd5 Bc3 28.Rd1 Ne5
29.Bb3 Bf5 30.Nb7 Be6  1/2-1/2

[Event "2nd SCS Open"]
[Site "Bhubaneswar IND"]
[Date "2010.05.26"]
[Round "7"]
[White "Abu Sufian,S"]
[Black "Hossain,Enam"]
[Result "1/2-1/2"]
[WhiteElo "2305"]
[BlackElo "2499"]

1.e4 d6 2.d4 Nf6 3.Nc3 e5 4.Nf3 Nbd7 5.Bc4 Be7 6.O-O O-O 7.Re1 c6 8.a4 b6
9.Ba2 a6 10.Nh4 exd4 11.Qxd4 Nc5 12.Nf3 Be6 13.h3 Nfd7 14.Be3 Bxa2 15.Rxa2 Qc7
16.Qd1 Bf6 17.Bd4 Ne5 18.Nxe5 Bxe5 19.f4 Bxd4+ 20.Qxd4 f5 21.exf5 Rxf5 22.b4 Nb7
23.Raa1 d5 24.g3 Rd8 25.Re6 c5 26.bxc5 Nxc5 27.Re3 Ne4 28.Nxe4 dxe4 29.Qxe4 Rff8
30.Rae1 Qc5 31.Kg2 h6 32.R3e2 Kh8 33.Qb7 a5 34.Qe7 Qc4 35.Qe6 Qxa4 36.Qxb6 Rc8
37.Qg6 Qc4 38.h4 a4 39.Kh3 a3 40.Re7 Qg8 41.R1e6 Qh7 42.Ra7 Ra8 43.Qxh7+ Kxh7
44.Ree7 Rxa7 45.Rxa7 Rc8 46.Rxa3 Rxc2 47.Ra7 h5 48.Ra5  1/2-1/2

[Event "2nd Kahraman Olgac Mem"]
[Site "Instanbul TUR"]
[Date "2010.05.26"]
[Round "5"]
[White "Firat,B"]
[Black "Strikovic,A"]
[Result "0-1"]
[WhiteElo "2403"]
[BlackElo "2557"]

1.e4 d6 2.d4 Nf6 3.Nc3 e5 4.Nf3 Nbd7 5.Bc4 Be7 6.O-O Nb6 7.Bd3 exd4 8.Nxd4 O-O
9.Re1 Re8 10.h3 c6 11.Bf4 Bf8 12.Qd2 Nbd7 13.Bf1 Nc5 14.f3 Ne6 15.Be3 d5
16.e5 Nd7 17.f4 Nxd4 18.Bxd4 Nc5 19.Bf2 a5 20.Be2 f6 21.exf6 Qxf6 22.Bh5 Rxe1+
23.Rxe1 Be6 24.Qd4 Qxd4 25.Bxd4 Bf5 26.Bd1 Ne4 27.Bg4 Bxg4 28.hxg4 Nxc3 29.Bxc3 Bb4
30.Kf2 h6 31.a4 Bxc3 32.bxc3 Kf7 33.Rb1 Rb8 34.g3 b5 35.Ke3 Ke6 36.axb5 cxb5
37.Kd4 Kd6 38.Re1 Rc8 39.Kd3 a4 40.Rb1 Kc5 41.Ra1 Ra8 42.Ra3 Ra7 43.Ra1 a3
44.Ra2 Ra4 45.Ke3 Kc4 46.Kd2 Ra7  0-1

[Event "83rd ch-StP"]
[Site "St Petersburg RUS"]
[Date "2010.05.26"]
[Round "10"]
[White "Fedoseev,Vl3"]
[Black "Levin,Ev"]
[Result "1-0"]
[WhiteElo "2428"]
[BlackElo "2500"]

1.d4 Nf6 2.Nc3 d6 3.e4 c6 4.f4 Qa5 5.Bd3 e5 6.Nf3 exd4 7.Nxd4 g6 8.Nb3 Qc7
9.O-O Bg7 10.Qe1 O-O 11.Qh4 Nbd7 12.f5 b5 13.Bg5 Bb7 14.e5 dxe5 15.Ne4 Qb6+
16.Kh1 c5 17.Nbxc5 Bxe4 18.Nxe4 Rae8 19.Rf3 Nxe4 20.Bxe4 Nf6 21.Raf1 Nxe4
22.Qxe4 Rc8 23.f6 Bh8 24.c3 Rfe8 25.Be3 Qe6 26.Qh4 h5 27.Qg5 Rc4 28.h3 h4
29.Bxa7 e4 30.Re3 Ra4 31.Bd4 Qc6 32.a3 b4 33.axb4 Ra2 34.Qxh4 Rxb2 35.Rg3 Rf8
36.Rxg6+  1-0

[Event "XXIX Open A"]
[Site "Zalakaros HUN"]
[Date "2010.05.26"]
[Round "1"]
[White "Istvanovszki,M"]
[Black "Munka,B"]
[Result "1-0"]
[WhiteElo "2258"]
[BlackElo "1838"]

1.e4 d6 2.d4 Nf6 3.Nc3 e5 4.Nf3 Nbd7 5.Bc4 Be7 6.O-O O-O 7.Re1 c6 8.a4 b6
9.d5 Bb7 10.b3 a6 11.Ba3 Qc7 12.dxc6 Bxc6 13.Nd5 Nxd5 14.Bxd5 Bxd5 15.Qxd5 Nf6
16.Qd1 Rfd8 17.Qe2 Bf8 18.c4 a5 19.Nd2 Nd7 20.Nb1 Nc5 21.Qd1 Qc6 22.Nc3 Ne6
23.Re3 Rd7 24.Qg4 Nc7 25.Rd1 Re8 26.Red3 Re6 27.R1d2 Na6 28.Qd1 Nc5 29.Rd5 Rb7
30.f3 f6 31.Nb5 Rd7 32.Bxc5 bxc5 33.R2d3 Qb6 34.g3 Qb8 35.Kg2 Qb6 36.Qe1 Qd8
37.Rd1 Qb6 38.Qe3 Qd8 39.Qd3 Qb6 40.Kf2 Rb7 41.Ke2 Rd7 42.Qe3 Qd8 43.Kd2 Qb6
44.Kc2 Qd8 45.R5d2 Qb6 46.Qd3 Re8 47.Qd5+ Kh8 48.h4 g6 49.g4 Bh6 50.g5 fxg5
51.Nxd6 Ree7 52.Qa8+  1-0

[Event "2nd SCS Open"]
[Site "Bhubaneswar IND"]
[Date "2010.05.27"]
[Round "8"]
[White "Ramnath,B"]
[Black "Dzhumaev,M"]
[Result "1-0"]
[WhiteElo "2350"]
[BlackElo "2495"]

1.e4 d6 2.d4 Nf6 3.Nc3 e5 4.Nf3 Nbd7 5.Bc4 Be7 6.O-O O-O 7.Re1 c6 8.a4 h6
9.h3 Re8 10.Ba2 Bf8 11.Be3 b6 12.dxe5 dxe5 13.Nh4 Nh7 14.Qh5 Qf6 15.Bxh6 gxh6
16.Re3 Ng5 17.Rg3 Re6 18.Bxe6 fxe6 19.Nf3 Qf7 20.Qh4 Bg7 21.Nxg5 hxg5 22.Qxg5 Nf6
23.Rd1 Bd7 24.Rdd3 Rf8 25.Rdf3 Be8 26.Qh6  1-0

[Event "ch-Moscow Final"]
[Site "Moscow RUS"]
[Date "2010.05.27"]
[Round "5"]
[White "Mozharov,M"]
[Black "Chadaev,N"]
[Result "1/2-1/2"]
[WhiteElo "2474"]
[BlackElo "2565"]

1.d4 d6 2.e4 Nf6 3.Nc3 Nbd7 4.Nf3 e5 5.Bc4 Be7 6.O-O O-O 7.Re1 c6 8.a4 b6
9.h3 a6 10.dxe5 dxe5 11.Nh4 Nc5 12.Nf5 Bxf5 13.exf5 b5 14.Bf1 Qc7 15.Bg5 h6
16.Bh4 Rad8 17.Qc1 Rfe8 18.axb5 axb5 19.Qe3 Ncd7 20.Qf3 Nc5 21.Qe3 Ncd7 22.Qf3 Nc5
23.Qe3  1/2-1/2

[Event "XXIX Open A"]
[Site "Zalakaros HUN"]
[Date "2010.05.27"]
[Round "2"]
[White "Tesik,C"]
[Black "Ianov,V"]
[Result "0-1"]
[WhiteElo "2162"]
[BlackElo "2375"]

1.e4 d6 2.d4 Nf6 3.Nc3 c6 4.f4 Qa5 5.Bd3 e5 6.Nf3 exd4 7.Nxd4 g6 8.Nf3 Bg7
9.O-O O-O 10.h3 Nbd7 11.Qe1 Re8 12.Qf2 b5 13.e5 dxe5 14.fxe5 Nd5 15.Nxd5 cxd5
16.Bxb5 Qxb5 17.Nd4 Qxf1+ 18.Qxf1 Nxe5 19.Bg5 Nc4 20.Bf6 Bh6 21.b3 Nd6 22.Re1 Ne4
23.Bh4 Bd7 24.Nf3 a5 25.Qd3 Bc6 26.Nd4 Bd7 27.Nb5 Bxb5 28.Qxb5 d4 29.Bf2 Reb8
30.Qc6 Nxf2 31.Kxf2 Rc8 32.Qe4 Be3+ 33.Kg3 a4 34.bxa4 Ra5 35.Rf1 Rc7 36.c3 f5
37.Qe8+ Kg7 38.cxd4 Bxd4 39.Re1 Bf6 40.Re6 Rca7 41.Re2 Rxa4 42.Rd2 Ra3+ 43.Kh2 Kh6
44.Qf8+ Bg7 45.Qd6 R7a4 46.Rc2 Re3 47.Qd2 Be5+ 48.Kg1 Bf4 49.Rc3 Rae4 50.Qc2 Re2
51.Qb3 Be5 52.Rd3 Rb2 53.Qd1 Rxa2 54.Qf1 Rae2 55.Rd1 Bg3  0-1

[Event "2nd Kahraman Olgac Mem"]
[Site "Instanbul TUR"]
[Date "2010.05.28"]
[Round "9"]
[White "Erdogdu,M"]
[Black "Strikovic,A"]
[Result "1-0"]
[WhiteElo "2458"]
[BlackElo "2557"]

1.e4 d6 2.d4 Nf6 3.Nc3 e5 4.Nf3 Nbd7 5.Bc4 Be7 6.O-O O-O 7.Re1 c6 8.a4 b6
9.b3 a6 10.Bb2 Rb8 11.Qd2 b5 12.Bd3 Re8 13.Ne2 Bf8 14.Ng3 g6 15.axb5 axb5
16.c4 bxc4 17.Bxc4 d5 18.dxe5 dxc4 19.exf6 Rxb3 20.e5 Nc5 21.Ba3 Rd3 22.Qc1 Be6
23.Qf4 Rxa3 24.Rxa3 Nd3 25.Rxd3 cxd3 26.h4 c5 27.h5 Qd7 28.Ne4 c4 29.hxg6 fxg6
30.f7+ Qxf7 31.Nf6+ Kg7 32.Ng5 Qe7 33.Nxe6+ Qxe6 34.Nxe8+ Qxe8 35.Qxc4 d2
36.Qc7+ Qf7 37.Qxf7+ Kxf7 38.Rd1 Ke6 39.Rxd2 Kxe5 40.Rd7 h5 41.Rf7 Bd6 42.Kf1 Ke6
43.Rf3 h4 44.Rc3 Kf5 45.Rc4 g5 46.f3 Bb8 47.Ke2 Ba7 48.Rc7 Bb6 49.Rf7+ Ke5
50.f4+ gxf4 51.Kf3 Be3 52.Rh7 Kf5 53.Rh5+ Kg6 54.Rxh4 Kg5 55.Rg4+ Kf5 56.Rg7 Bd4
57.Rf7+ Bf6 58.Rxf6+  1-0

[Event "ch-CHN w"]
[Site "Xinghua CHN"]
[Date "2010.05.28"]
[Round "5"]
[White "Wang Jue"]
[Black "Zhang Jilin"]
[Result "1/2-1/2"]
[WhiteElo "2180"]
[BlackElo "2280"]

1.e4 d6 2.d4 Nf6 3.Nc3 e5 4.Nf3 Nbd7 5.Bc4 Be7 6.O-O O-O 7.Re1 c6 8.a4 Qc7
9.h3 b6 10.Bg5 Bb7 11.Ba2 a6 12.Bxf6 Nxf6 13.Re2 c5 14.dxe5 dxe5 15.Bd5 Bxd5
16.Nxd5 Nxd5 17.Qxd5 Bf6 18.c3 c4 19.Qd1 Rfd8 20.Qc2 Rd3 21.Rd1 Rad8 22.Red2 Qd7
23.Rxd3 cxd3 24.Qb1 h6 25.Ne1 Qxa4 26.Rxd3 Rxd3 27.Qxd3 Qb3 28.Qxa6 Qxb2
29.Qc8+ Kh7 30.Qf5+ Kg8 31.Qc8+ Kh7 32.Qf5+ Kg8 33.Qc8+ Kh7  1/2-1/2

[Event "XXIX Open A"]
[Site "Zalakaros HUN"]
[Date "2010.05.28"]
[Round "3"]
[White "Feher,Ad"]
[Black "Nagy,Ben"]
[Result "0-1"]
[WhiteElo "2247"]
[BlackElo "2389"]

1.e4 d6 2.d4 Nf6 3.Nc3 e5 4.dxe5 dxe5 5.Qxd8+ Kxd8 6.Bg5 c6 7.O-O-O+ Kc7
8.Bc4 Be6 9.Bxe6 fxe6 10.Nf3 Nbd7 11.a3 Bd6 12.Bh4 h6 13.Bg3 g5 14.h3 g4
15.hxg4 Nxg4 16.Rh4 Rhg8 17.Nh2 Ndf6 18.Nxg4 Nxg4 19.Ne2 Raf8 20.f3 Ne3 21.Rg1 Rg6
22.Rh5 Rfg8 23.Bf2 Nxg2 24.Kd2 Be7 25.Kc1 Bg5+ 26.Kb1 Nf4 27.Nxf4 Bxf4 28.Rxg6 Rxg6
29.Rh1 Rg2 30.Bh4 a5 31.a4 b5 32.axb5 cxb5 33.Bf6 Rg3 34.Rh5 Kd6 35.Bd8 a4
36.Ba5 Rxf3 37.Bb4+ Kc6 38.Bc3 Re3 39.Bxe5 Rxe4 40.Bxf4 Rxf4 41.Rxh6 Rf1+
42.Ka2 Kd5 43.b3 e5 44.Kb2 e4 45.Rh5+ Ke6 46.Rh8 Kd5 47.Rd8+ Kc5 48.Re8 Kd4
49.bxa4 bxa4 50.Ra8 e3 51.Rxa4+ Kd5 52.Ra5+ Ke4 53.Ra8 e2 54.Re8+ Kf3 55.Rf8+ Kg4
56.Re8 e1=Q 57.Rxe1 Rxe1  0-1

[Event "Mitropa Cup"]
[Site "Chur SUI"]
[Date "2010.05.29"]
[Round "1"]
[White "Papp,Ga"]
[Black "Monroy,C"]
[Result "1-0"]
[WhiteElo "2534"]
[BlackElo "2459"]

1.e4 d6 2.d4 Nf6 3.Nc3 e5 4.Nf3 Nbd7 5.Bc4 Be7 6.O-O O-O 7.Re1 c6 8.a4 b6
9.d5 cxd5 10.Bxd5 Nxd5 11.Nxd5 Bb7 12.b3 Nf6 13.Nxf6+ Bxf6 14.c4 Be7 15.Qd3 Qc8
16.Ba3 Qe6 17.Rad1 Rad8 18.Nd2 Qg6 19.f3 Bh4 20.Rf1 Kh8 21.Nb1 f5 22.Nc3 fxe4
23.fxe4 Rxf1+ 24.Rxf1 Bg5 25.Qxd6 Qxd6 26.Bxd6 Bf6 27.Rd1 Kg8 28.Kf2 Kf7
29.Ke2 Rc8 30.Ba3 a6 31.Rd7+  1-0

[Event "14th Chicago Open"]
[Site "Wheeling USA"]
[Date "2010.05.29"]
[Round "5"]
[White "Friedel,J"]
[Black "Lein,A"]
[Result "1-0"]
[WhiteElo "2528"]
[BlackElo "2310"]

1.e4 d6 2.d4 Nf6 3.Nc3 e5 4.Nf3 Nbd7 5.Bc4 Be7 6.O-O O-O 7.Re1 c6 8.a4 a5
9.Ba2 Ne8 10.h3 Nc7 11.Be3 Bf6 12.Qd2 Qe7 13.Rad1 h6 14.Nh2 Re8 15.Ng4 Nf8
16.Nxf6+ Qxf6 17.f4 exf4 18.Bxf4 Qd8 19.Qf2 Nfe6 20.Bh2 d5 21.exd5 Nxd5 22.Nxd5 cxd5
23.Qf3 Bd7 24.Bxd5 Bxa4 25.Bxb7 Nxd4 26.Rxe8+ Bxe8 27.Qe3  1-0

[Event "XXIX Open A"]
[Site "Zalakaros HUN"]
[Date "2010.05.29"]
[Round "4"]
[White "Horvath,Ad1"]
[Black "Ianov,V"]
[Result "1-0"]
[WhiteElo "2494"]
[BlackElo "2375"]

1.e4 d6 2.d4 Nf6 3.Nc3 c6 4.f4 Qa5 5.Bd3 e5 6.Nf3 exd4 7.Nxd4 g6 8.Be3 Bg7
9.Qd2 O-O 10.O-O-O Nbd7 11.Nb3 Qc7 12.Be2 Ne8 13.h4 b5 14.h5 b4 15.Nb1 Ndf6
16.Bf3 Ng4 17.Bd4 Bxd4 18.Nxd4 Nef6 19.Rh4 Bd7 20.f5 c5 21.Bxg4 cxd4 22.Qxd4 Rac8
23.Rd2 Qd8 24.hxg6 fxg6 25.Be2 g5 26.Rh1 Qe7 27.Re1 a5 28.e5 dxe5 29.Bc4+ Kh8
30.Rxe5 Qg7 31.Rxa5 g4 32.Ra7 Qg5 33.Bd3 Rfe8 34.b3 Bc6 35.Rf7 Rf8 36.Rxf8+ Rxf8
37.Qxb4 Ra8 38.Kb2 h5 39.Qd6 Bb7 40.Re2 Bd5 41.Nc3 Bg8  1-0

[Event "XXIX Open A"]
[Site "Zalakaros HUN"]
[Date "2010.05.29"]
[Round "4"]
[White "Vajda,Le"]
[Black "Berczes,C"]
[Result "1/2-1/2"]
[WhiteElo "2519"]
[BlackElo "2397"]

1.e4 d6 2.d4 Nf6 3.Nc3 e5 4.Nf3 Nbd7 5.Bc4 Be7 6.O-O O-O 7.a4 c6 8.Ba2 Qc7
9.Bg5 Re8 10.Bh4 h6 11.Bg3 g6 12.Qd2 Kg7 13.Rad1 Nh5 14.dxe5 Nxe5 15.Ne2 Nxg3
16.hxg3 Qb6 17.Qc3 Bf6 18.Rxd6 Qxb2 19.Qxb2 Nxf3+ 20.gxf3 Bxb2 21.Rfd1 Bf6
22.Nf4 a5 23.Bc4 Be7 24.R6d3 Rb8 25.Bb3 Bg5 26.Ng2 Bf6 27.Ne3 b5 28.Rd6 bxa4
29.Bxa4 Re6 30.Rxc6 Rxc6 31.Bxc6 Rb6 32.Ba4 Rb4 33.Bd7 Bxd7 34.Rxd7 a4 35.Nd5 Rb1+
36.Kg2 Bd4 37.c3 Bc5 38.e5 Re1 39.Rc7 a3 40.e6 Rxe6 41.Rxc5 Ra6 42.Nb4 a2
43.Nc2 a1=Q 44.Nxa1 Rxa1 45.f4 Rc1 46.Rc6 h5 47.Kf3 Rc2 48.c4 Kf8 49.Rc7 Kg7
50.c5 Kf6 51.c6 Ke6 52.Ke3 Rc1 53.Kd2 Rc5 54.Kd3 Rc1 55.Kd4 Rc2 56.Rc8 Kd6
57.c7 Ke7 58.Kd3 Rc1 59.Ke4 Rc4+ 60.Kf3 Rc3+ 61.Kg2 Rc2 62.Kh3 Kf6 63.f3 Kf5
64.Ra8  1/2-1/2

[Event "Mitropa Cup"]
[Site "Chur SUI"]
[Date "2010.05.30"]
[Round "2"]
[White "Godena,M"]
[Black "Jovanovic,Zo CRO"]
[Result "1/2-1/2"]
[WhiteElo "2554"]
[BlackElo "2520"]

1.e4 d6 2.d4 Nf6 3.Nc3 e5 4.Nf3 Nbd7 5.Bc4 Be7 6.O-O O-O 7.a4 c6 8.Re1 b6
9.b3 a6 10.Ba3 Bb7 11.Bd3 g6 12.Nb1 exd4 13.Nxd4 Re8 14.Nd2 Bf8 15.N4f3 b5
16.c4 Qb6 17.axb5 cxb5 18.cxb5 axb5 19.Bb2 Bc6 20.Bd4 Qb7 21.Rxa8 Rxa8 22.Qc2 Ng4
23.h3 Nge5 24.Nxe5 dxe5 25.Be3 Rc8 26.Qb1 Nc5 27.Bc2 Ne6 28.Nf3 Bg7 29.Rd1 Qe7
30.b4 Rd8 31.Rxd8+ Qxd8 32.Bb3 Nd4 33.Bxd4 exd4 34.Qd3 Qe7 35.e5 Bxf3 36.Qxf3 Bxe5
37.Qa8+ Kg7 38.Qd5 Bf6 39.g3 d3 40.Kg2 h5 41.Qxd3 Qxb4 42.Qd5 Qe7  1/2-1/2

[Event "XXIX Open A"]
[Site "Zalakaros HUN"]
[Date "2010.05.30"]
[Round "5"]
[White "Huber,St1"]
[Black "Munka,B"]
[Result "0-1"]
[WhiteElo "2061"]
[BlackElo "1838"]

1.e4 d6 2.d4 Nf6 3.Nc3 e5 4.Nf3 Nbd7 5.Bc4 Be7 6.Bxf7+ Kxf7 7.Ng5+ Kg8 8.Ne6 Qe8
9.Nxc7 Qd8 10.Nxa8 a6 11.a4 b6 12.Qd3 exd4 13.Qxd4 Bb7 14.Qc4+ d5 15.Nxd5 Nxd5
16.exd5 Qxa8 17.Qc7 Qe8 18.O-O Qc8 19.Qxc8+ Bxc8 20.c4 a5 21.Re1 Kf7 22.Bf4 Re8
23.Re2 Bb4 24.Rxe8 Kxe8 25.Kf1 Kd8 26.Ke2 Nc5 27.Bd2 Bxd2 28.Kxd2 Nb3+ 29.Kc3 Nxa1
30.b4 Bf5 31.bxa5 bxa5 32.h4 h5 33.f3 Bh7 34.g4 Nc2 35.gxh5 Ne1 36.f4 Ng2
37.c5 Nxf4 38.Kc4 Bd3+ 39.Kd4 Bc2 40.c6 Bxa4 41.Kc5 Nxd5 42.Kxd5 Kc7 43.Ke6 Bd1
44.Kf7 Bxh5+ 45.Kxg7 a4 46.Kh6 Be2  0-1

[Event "II Nezhmetdinov Mem"]
[Site "Kazan RUS"]
[Date "2010.05.31"]
[Round "1"]
[White "Sadykov,Ra"]
[Black "Khairullin,A"]
[Result "1-0"]
[WhiteElo "2207"]
[BlackElo "1916"]

1.e4 d6 2.d4 Nf6 3.Nc3 e5 4.dxe5 dxe5 5.Qxd8+ Kxd8 6.Nf3 Bd6 7.Bg5 Be6 8.O-O-O Ke7
9.Nd5+ Bxd5 10.exd5 h6 11.Bh4 g5 12.Bg3 Nfd7 13.Bd3 f6 14.Nd2 Na6 15.Bf5 Nac5
16.h4 Nb6 17.Nf1 Rad8 18.Ne3 Kf7 19.hxg5 hxg5 20.f3 Nc8 21.Bh7 Ne7 22.Rh3 Kg7
23.Rdh1 Nd7 24.Nf5+ Nxf5 25.Bxf5 Nb6 26.Bf2 Nxd5 27.Be4 c6 28.Rh7+ Rxh7 29.Rxh7+ Kg8
30.Rxb7 Nf4 31.c4 Nxg2 32.Bxa7 Nh4 33.Bxc6 f5 34.c5 Bf8 35.Bd7 f4 36.c6 Bd6
37.Be6+ Kh8 38.Bg4 Ng6 39.c7 Bxc7 40.Rxc7 e4 41.fxe4 Ne5 42.Rc8 Rxc8+ 43.Bxc8  1-0

[Event "II Nezhmetdinov Mem"]
[Site "Kazan RUS"]
[Date "2010.05.31"]
[Round "1"]
[White "Sannikov,G"]
[Black "Skomorokhin,R"]
[Result "1/2-1/2"]
[WhiteElo "2059"]
[BlackElo "2447"]

1.e4 d6 2.d4 Nf6 3.Nc3 e5 4.dxe5 dxe5 5.Qxd8+ Kxd8 6.Bc4 Ke8 7.Bg5 Bb4 8.O-O-O Bxc3
9.bxc3 Nbd7 10.f3 Nb6 11.Bb3 a5 12.a3 a4 13.Ba2 Be6 14.Kb2 Nfd7 15.Ne2 Ra6
16.Rb1 Nc4+ 17.Bxc4 Bxc4 18.Ng3 f6 19.Be3 g6 20.h4 h5 21.Nf1 Be6 22.Kc1 b6
23.Nd2 Ke7 24.Kb2 Rd8 25.Rbg1 Kf7 26.g4 Rh8 27.Rg2 Raa8 28.g5 f5 29.f4 fxe4
30.Nxe4 Rhe8 31.Rf2 Ke7 32.Rd1 Ra5 33.Re1 Rb5+ 34.Kc1 Rf8 35.fxe5 Rxf2 36.Bxf2 Nxe5
37.Bg3 Nf3 38.Re3 Rf5 39.Bxc7 Nxh4 40.Bxb6 Ng2 41.Re2 Nf4 42.Re1  1/2-1/2